Retail and Leisure (Record no. 78028)

MARC details
000 -LEADER
fixed length control field 00808cab a2200241 4500
001 - CONTROL NUMBER
control field L135837
008 - FIXED-LENGTH DATA ELEMENTS--GENERAL INFORMATION
fixed length control field 061213n2006 000 0 eng u
035 ## - SYSTEM CONTROL NUMBER
System control number (Sirsi) u135837
041 0# - LANGUAGE CODE
Language code of text/sound track or separate title eng
100 1# - MAIN ENTRY--PERSONAL NAME
Personal name Chesters, Laura
245 00 - TITLE STATEMENT
Title Retail and Leisure
260 ## - PUBLICATION, DISTRIBUTION, ETC.
Date of publication, distribution, etc. 2006
490 #0 - SERIES STATEMENT
Series statement Property Week
Volume/sequential designation 71(44) November 2006 Supplement, 1-59(22)
520 ## - SUMMARY, ETC.
Summary, etc. Toplands deal with Marks and Spencer. How gym chain consolidation affects leisure property. Predictions of oversupply in shopping centre space. Future predictions from retail developers.
590 ## - LOCAL NOTE (RLIN)
Local note KA
651 #4 - SUBJECT ADDED ENTRY--GEOGRAPHIC NAME
Geographic name United Kingdom
Chronological subdivision
690 ## - LOCAL SUBJECT ADDED ENTRY--TOPICAL TERM (OCLC, RLIN)
Topical term or geographic name as entry element PROPERTY-COMMERCIAL PROPERTY-COMMERCIAL PROPERTY MARKET
700 1# - ADDED ENTRY--PERSONAL NAME
Personal name Eade, Christine
700 1# - ADDED ENTRY--PERSONAL NAME
Personal name Court, Yvonne
700 1# - ADDED ENTRY--PERSONAL NAME
Personal name Phillips, Mark
700 1# - ADDED ENTRY--PERSONAL NAME
Personal name Goldie, Anna
942 ## - ADDED ENTRY ELEMENTS (KOHA)
Suppress in OPAC 0
Holdings
Withdrawn status Lost status Source of classification or shelving scheme Damaged status Not for loan Home library Current library Shelving location Date acquired Total Checkouts Full call number Barcode Date last seen Copy number Price effective from Koha item type
    Dewey Decimal Classification     London London Journal article 13/12/2006   L135837 30073373 06/08/2019 1 06/08/2019 Journal article